| 000 | 00454nam a2200181Ia 4500 | ||
|---|---|---|---|
| 001 | 9838 | ||
| 005 | 20260306161748.0 | ||
| 008 | 260306t2010||||xx |||||||||||||| ||spa|| | ||
| 041 | _aESP | ||
| 082 |
_a468 _bA32 |
||
| 100 |
_aAguirre, Mauricio _eAUT |
||
| 245 | 0 |
_aRedactar en la universidad: _bconceptos y técnicas fundamentales |
|
| 260 | _c2010 | ||
| 300 |
_a194 páginas : _c28 cm. |
||
| 650 | _aGEN | ||
| 654 | _aCHU | ||
| 942 |
_cLIB _dJUS _fJUS _2ddc _n |
||
| 999 |
_c9838 _d9838 |
||